000 00484nam a2200181 a 4500
001 1017784
005 20240129020347.0
008 880317s1986 ce af b 000 0 eng
020 _a9555520003
040 _aDLC
_cDLC
_dDLC
082 0 0 _a954.93
_220
_bTIK.
100 1 _aAbeyasinghe, Tikiri.
245 1 0 _aJaffna under the Portuguese /
_cTikiri Abeyasinghe.
260 _aColombo, Sri Lanka :
_bLake House Investments,
_c1986.
300 _a66 p. :
650 _aPolitics.
942 _cL
999 _c206
_d206